00842nam a2200205 a 450000100100000000500170001000800410002704000250006808200150009310000380010824501800014625000110032626000740033730000200041170000230043170000260045470000260048095201130050699900170061900002621720200930024413.0110304s1963 xxu 000 0 spa d aDO-SdBNPbspacBNPHU axxxxbxxxx1 aForrest Hallenbeck, Edwin.95323713aLa pasión por las almas :bun llamamiento hacia un esfuerzo especial por la salvación de las almas /cEdwin Forrest Hallenbeck ; traducción de M. A., L. O. E. y S. J. A. a2a ed. aEstados Unidos de América :bCasa Bautista de Publicaciones,c1963. a72 p. ;c18 cm.1 aM. A.,etr.9532381 aL. O. E.,etr.9532391 aS. J. A.,etr.953240 001050718MOaGRbGRcHDd2011-03-04iLF1l0oxxxx xxxxp26217-10r2020-06-25w2020-06-25y1ZNo se presta c25709d25709